000 00432nam a2200145Ia 4500
008 180922s9999 xx 000 0 und d
020 _a9780470565315
100 _aKao,Robert.
245 _cRobert Kao, Dante Sarigumba.--
_aBlackberry storm for dummies /
250 _a2nd ed
260 _aNew Jersey :
_bWiley Publishing
_c2010
300 _axxvii, 340 pages.
650 _aBlackBerry (Smartphone).
650 _aMobile computing.
999 _c358829
_d358829